| 000 | 00971nam a22002057a 4500 | ||
|---|---|---|---|
| 999 |
_c3269 _d3269 |
||
| 003 | AR-CdUCM | ||
| 008 | 190306b ||||| |||| 00| 0 spa d | ||
| 040 |
_aMUNICIPALIDAD PROVINCIAL DEL CUSCO _cBIBLIOTECA MUNICIPAL DEL CUSCO |
||
| 082 |
_a375.494 / _bW74 |
||
| 100 |
_a Witherspoon, John P. _910897 |
||
| 245 |
_aInstalaciones de televisión educativa : _bguía para una programación / |
||
| 260 |
_aMéxico : _bDiana, _c1972. |
||
| 300 |
_a102 páginas ; _c26 cm. |
||
| 505 | _aContenido: El medio adecuado para el trabajo -- Elementos de ingenieria de televisión -- Sistemas de producción de TV. -- Sistemas de transmisión: transmisión del programa de un punto a otro -- Instalaciones de recepción de televisión: proyección en el salón de clases -- Grabadoras de televisión: el problema maravilloso ... | ||
| 650 |
_aEscuela _91856 |
||
| 650 |
_aTelevisión escolar _910898 |
||
| 700 |
_a Kessler, William J. _910899 |
||
| 942 |
_2ddc _cLIBROS |
||
| 945 | _azta | ||